| 000 | 00707cam a22002291 4500 | ||
|---|---|---|---|
| 001 | sa 68008828 | ||
| 003 | DLC | ||
| 005 | 20260227112537.0 | ||
| 008 | 780224s1967 pk bd 000 0 eng | ||
| 010 | _asa 68008828 | ||
| 035 | _a(OCoLC)3666242 | ||
| 040 |
_aDLC _cTNJ _dDLC |
||
| 042 | _apremarc | ||
| 050 | 0 | 0 |
_aZ7004.D5 _bW3 |
| 082 | _a016.491/03 | ||
| 100 | 1 | _aWajid, Mohammad. | |
| 245 | 1 | 0 |
_aOriental dictionaries; _ba select bibliography, _ccompiled and annotated by Mohammad Wajid. |
| 260 |
_aKarachi, _bLibrary Promotion Bureau, _c1967. |
||
| 300 |
_axii, 54 p. _c21 cm. |
||
| 440 | 0 |
_aLibrary Promotion Bureau. Publication, _vno. 2 |
|
| 650 | 0 |
_aOriental languages _xDictionaries _vBibliography. |
|
| 999 |
_c82597 _d82597 |
||